| 000 | 00653cam a22002054a 4500 | ||
|---|---|---|---|
| 020 | _a0195924509 (pbk.) | ||
| 020 | _a0195924495 (hbk.) | ||
| 040 | _cDLC | ||
| 082 | 0 | 0 | _a630 OXF 2000 C145 Or. |
| 100 | _aMingsan Khāosaʻāt. | ||
| 245 | 1 | 4 | _aThe growth and sustainability of agriculture in Asia / |
| 260 |
_aOxford [England] ; _aNew York : _bOxford University Press, _c2000. |
||
| 300 |
_axii, 303 p. ; _c23 cm. |
||
| 650 | 0 | _aAgriculture | |
| 650 | 0 | _aAgricultural productivity | |
| 650 | 0 | _aSustainable development | |
| 700 | 1 | _aBenjavan Rerkasem. | |
| 856 | 4 | 2 | _uhttp://www.loc.gov/catdir/enhancements/fy0610/00064983-d.html |
| 942 | _cAEDBB | ||
| 999 |
_c18423 _d18423 |
||